000 00585nam a2200241 a 4500
001 nice12345678
003 IN_TiNIC
005 20260116011648.0
008 050524s1980 bana grp 000 0 urd
020 _a
_c5
082 0 0 _a297.82
_bABD2
100 _aAbdush Shukoor,
245 _aMasiha-E-Islam
260 _aBangalore
_bBangalore Book House
_c1980
300 _a111p
500 _aincludes index and biblioraphy
505 2 _aBibliography, index
650 _aZainul-Abedeen-imam
700 1 _aAbdush Shukoor,
902 _bSRS
942 _cBK
999 _c3226
_d3226